| 000 | 00515nam a2200193 i 4500 | ||
|---|---|---|---|
| 001 | bg | ||
| 100 | 1 | _aBERRY, Robert E. | |
| 245 | 0 |
_aA book on C / _cR.E. Berry, B.A.E. Meekings. |
|
| 260 |
_aLondon : _bMacmillan, _c1984. |
||
| 490 | 1 | _aMacmillan Computer Science Series | |
| 650 | 9 | _aC (język programowania) | |
| 700 | 1 | _aMEEKINGS, B. A. E. | |
| 830 | _aMacmillan Computer Science Series | ||
| 040 | _cBPK | ||
| 041 | _apol | ||
| 080 | _a004 | ||
| 942 | _cKS | ||
| 008 | s pl f |000 0 pol | ||
| 999 |
_c23443 _d23443 |
||
| 856 |
_uhttp://koha.tu.koszalin.pl/cgi-bin/koha/opac-detail.pl?biblionumber=23443 _yKatalog online BPK |
||